| 000 | 03205nam a2201177 a 4500 | ||
|---|---|---|---|
| 003 | PE-LiUPU | ||
| 005 | 20250813185715.0 | ||
| 008 | 240703b |||||||| |||| 00| 0 spa d | ||
| 020 | _a9786123178840 | ||
| 040 |
_apelibn _bspa _erda _cPE-LiUPU _dPE-LiUPU |
||
| 082 | 1 | 4 |
_a348.2 _223 _bP348d |
| 100 | 1 |
_aPazos Hayashida, Javier, _eautor. |
|
| 245 | 1 | 0 |
_aDerecho de la publicidad / _cJavier Pazos Hayashida. |
| 250 | _aPrimera edición. | ||
| 264 | 3 | 1 |
_aLima : _bPontificia Universidad Católica del Perú, Fondo Editorial, _c2023. |
| 300 |
_a156 páginas ; _c21 centímetros. |
||
| 336 |
_aTexto _2rdacontent |
||
| 337 |
_asin mediación _2rdamedia |
||
| 338 |
_avolumen _2rdacarrier |
||
| 490 | 0 |
_a(Lo esencial del derecho ; _v70) |
|
| 504 | _aBibliografía: páginas 145-151. | ||
| 505 | _aConsideraciones introductorias relativas al derecho de la publicidad -- Líneas directrices de la actividad publicitaria (sobre los principios que rigen a la publicidad -- Aplicación a la normativa de competencia desleal en relación con la actividad publicitaria -- Regulación de los actos de competencia desleal aplicable a la actividad publicitaria -- Regulación de los actos de competencia desleal aplicable a la actividad publicitaria (segunda parte). | ||
| 526 | _aP202 | ||
| 526 | _aP201 | ||
| 526 | _aP163 | ||
| 526 | _aP162 | ||
| 526 | _aP161 | ||
| 526 | _aP160 | ||
| 526 | _aP148 | ||
| 526 | _aP147 | ||
| 526 | _aP146 | ||
| 526 | _aP145 | ||
| 526 | _aP144 | ||
| 526 | _aP143 | ||
| 526 | _aP142 | ||
| 526 | _aP141 | ||
| 526 | _aP140 | ||
| 526 | _aP139 | ||
| 526 | _aP138 | ||
| 526 | _aP137 | ||
| 526 | _aP136 | ||
| 526 | _aP135 | ||
| 526 | _aP134 | ||
| 526 | _aP133 | ||
| 526 | _aP129 | ||
| 526 | _aP128 | ||
| 526 | _aP127 | ||
| 526 | _aP120 | ||
| 526 | _aP119 | ||
| 526 | _aP118 | ||
| 526 | _aP116 | ||
| 526 | _aP115 | ||
| 526 | _aP114 | ||
| 526 | _aP110 | ||
| 526 | _aP109 | ||
| 526 | _aP108 | ||
| 526 | _aP104 | ||
| 526 | _aP103 | ||
| 526 | _aP102 | ||
| 526 | _aP99 | ||
| 526 | _aP98 | ||
| 526 | _aP97 | ||
| 526 | _aP96 | ||
| 526 | _aP95 | ||
| 526 | _aP93 | ||
| 526 | _aP90 | ||
| 526 | _aP89 | ||
| 526 | _aP88 | ||
| 526 | _aP83 | ||
| 526 | _aP82 | ||
| 526 | _aP62 | ||
| 526 | _aP59 | ||
| 526 | _aP58 | ||
| 526 | _aP57 | ||
| 526 | _aP51 | ||
| 526 | _aP49 | ||
| 526 | _aP48 | ||
| 526 | _aP47 | ||
| 526 | _aP29 | ||
| 526 | _aP24 | ||
| 526 | _aP20 | ||
| 526 | _aP19 | ||
| 526 | _aP17 | ||
| 526 | _aP15 | ||
| 526 | _aP14 | ||
| 526 | _aP12 | ||
| 526 | _aP10 | ||
| 526 | _aP09 | ||
| 526 | _aP08 | ||
| 526 | _aP07 | ||
| 526 | _aP06 | ||
| 526 | _aP05 | ||
| 526 | _aP04 | ||
| 526 | _aP01 | ||
| 650 | 1 | 8 |
_aDerecho _xEstudio y enseñanza _zPerú. _92600 |
| 650 | 2 | 8 |
_aDerecho de la publicidad _zPerú. |
| 710 | 2 |
_aPontificia Universidad Católica del Perú, _eentidad editora. |
|
| 776 | 1 |
_iVersión en línea _tDerecho de la publicidad _aLima : Fondo Editorial PUCP, 2023 _z(ISBN) 9786123178857 _w(MFN) 632079 |
|
| 942 |
_2ddc _cBK |
||
| 980 |
_618226 _aJaime Vilcazán Jefe de Análisis Documental _81 _gALBERTO SANCHEZ Responsable de Automatización |
||
| 999 |
_c62565 _d62564 |
||